| 000 | 00880nam a2200217Ia 4500 | ||
|---|---|---|---|
| 001 | 15628 | ||
| 003 | GE_BSU | ||
| 008 | 181216s||||||||xx |||||||||||||| ||und|| | ||
| 040 | _cGE_BSU | ||
| 100 | _aწერეთელი, ა. | ||
| 245 | _aთხზულებანი : სრული კრებული 7 ტომად. ლექსები | ||
| 245 | _cა. აბაშელის და პ. ინგოროყვას რედაქტორობით. | ||
| 260 | _aთბილისი | ||
| 260 | _bსახელგამი | ||
| 260 | _c1940 | ||
| 300 | _a888გვ.2ფ.პორტრ. და ავტოგრ. | ||
| 300 | _cდანართი სარჩევი და ანბანური საძიებ. გვ.866-887 | ||
| 653 | _aთხზულებანი | ||
| 653 | _aლექსები | ||
| 942 | _cBK | ||
| 999 |
_c48728 _d48728 |
||